Dirección de la producción: decisiones tácticas

Saved in:
Bibliographic Details
Main Authors: Heizer, Jay (Author), Render, Barry (Author)
Format: Book
Language:Spanish
Published: Madrid Prentice Hall 2001
Edition:6a. ed
Subjects:
Tags: Add Tag
No Tags, Be the first to tag this record!

MARC

LEADER 00000nam a2200000 a 4500
001 UCM4253
003 CL-VaPUC
005 20231214174819.0
008 020809e20010000SP |||||||||||||||||spa|d
999 |c 301044  |d 301042 
020 |a 8420530360 
040 |c Pontificia Universidad Católica de Valparaíso 
082 0 4 |a 658.5  |b HEI  |2 21 
100 |a Heizer, Jay  |e author  |9 576842 
245 1 0 |a Dirección de la producción: decisiones tácticas 
250 |a 6a. ed 
260 |a Madrid  |b Prentice Hall  |c 2001 
300 |a 494 p 
500 |a Incluye cd rom 
583 |a last modification  |c 20020809 00:00:00  |k Rodrigo Vera 
650 0 |a Gestión de la producción   |9 259467 
650 0 |a Comercio electrónico  |9 428366 
650 0 |a Toma de decisiones (Estadística)  |9 886532 
650 0 |a Gestión de proyectos  |9 260970 
650 0 |a Calidad total  |9 259929 
700 0 |a Render, Barry  |e author  |9 470763 
942 |c BK  |2 ddc 
945 |d 20020809 00:00:00  |a vberengu 
952 |0 0  |1 0  |4 0  |6 658_500000000000000_HEI_2001  |7 0  |8 R  |9 359677  |a BIBENE  |b BIBENE  |d 2019-11-21  |i 3833542  |l 1  |o 658.5 HEI 2001  |p 3833542  |r 2025-04-02  |s 2025-04-02  |w 2019-11-21  |y BK_R  |k ICO 
952 |0 0  |1 0  |4 0  |6 658_500000000000000_HEI_2001  |7 0  |8 R  |9 359678  |a BIBENE  |b BIBENE  |d 2019-11-21  |i 3844102  |o 658.5 HEI 2001  |p 3844102  |r 2025-01-15  |w 2019-11-21  |y BK_R  |k ICO 
952 |0 0  |1 0  |4 0  |6 658_500000000000000_HEI_2001  |7 0  |8 A  |9 359679  |a BIBING  |b BIBING  |d 2019-11-21  |i 3858766  |o 658.5 HEI 2001  |p 3858766  |r 2025-01-20  |w 2019-11-21  |y BK  |k TRA 
952 |0 0  |1 0  |4 0  |6 658_500000000000000_HEI_2001  |7 0  |8 R  |9 359680  |a BIBENE  |b BIBENE  |d 2019-11-21  |i 3874737  |o 658.5 HEI 2001  |p 3874737  |r 2025-01-15  |w 2019-11-21  |y BK_R  |k ICO 
952 |0 0  |1 0  |4 0  |6 658_500000000000000_HEI_2001  |7 0  |8 A  |9 359681  |a BIBING  |b BIBING  |d 2019-11-21  |i 4298195  |o 658.5 HEI 2001  |p 4298195  |r 2025-01-20  |w 2019-11-21  |y BK  |k TRA 
952 |0 0  |1 0  |4 0  |6 658_500000000000000_HEI_2001  |7 0  |8 A  |9 359682  |a BIBING  |b BIBING  |d 2019-11-21  |i 4298209  |o 658.5 HEI 2001  |p 4298209  |r 2025-01-20  |w 2019-11-21  |y BK  |k TRA 
952 |0 0  |1 0  |4 0  |6 658_500000000000000_HEI_2001  |7 0  |8 A  |9 359683  |a BIBING  |b BIBING  |d 2019-11-21  |i 4298217  |o 658.5 HEI 2001  |p 4298217  |r 2025-01-20  |w 2019-11-21  |y BK  |k TRA 
952 |0 0  |1 0  |4 0  |6 658_500000000000000_HEI_2001  |7 0  |8 A  |9 359684  |a BIBING  |b BIBING  |d 2019-11-21  |i 4298225  |o 658.5 HEI 2001  |p 4298225  |r 2025-01-20  |w 2019-11-21  |y BK  |k TRA 
952 |0 0  |1 0  |4 0  |6 658_500000000000000_HEI_2001  |7 0  |8 A  |9 359685  |a BIBING  |b BIBING  |d 2019-11-21  |i 4298233  |o 658.5 HEI 2001  |p 4298233  |r 2025-01-20  |w 2019-11-21  |y BK  |k TRA 
952 |0 0  |1 0  |4 0  |6 658_500000000000000_HEI_2001  |7 0  |8 A  |9 359686  |a BIBING  |b BIBING  |d 2019-11-21  |i 4298241  |l 1  |o 658.5 HEI 2001  |p 4298241  |q 2020-07-27  |r 2020-07-27  |s 2020-07-27  |w 2019-11-21  |y BK  |k TRA 
952 |0 0  |1 0  |4 0  |6 658_500000000000000_HEI_2001  |7 0  |8 A  |9 359687  |a BIBING  |b BIBING  |d 2019-11-21  |i 4506626  |o 658.5 HEI 2001  |p 4506626  |r 2025-01-20  |w 2019-11-21  |y BK  |k TRA